1920 1011 1053 1309 1084 1519 1272 1143 1864 1942 1319 1769 1846 1335 1996 1757 1687 1063 1444 1087 1607 1400 1907 1015 1997 1911 1886 1585 1566 1234 1162 1477 1758 1590 1913 1731 1284 1398 1675 1960 1371 1987 1550 1988 1493 1678 1211 1504 1695 1171 1773 1126 1032 1246 1938 1378 1077 1566 1937 1744 1774 1083 1576 1955 1683 1878 1027 1512 1527 1767 1965 1775 1509 1669 1893 1875 1834 1653 1547 1681 1733 1685 1561 1821 1956 1554 1733 1962 1669 1688 1042 1229 1522 1285 1489 1298 1524 1984 1180 BCNSPRNW ULIB Ver.6.0+V

เปลี่ยนเป็นภาษาไทย

Change to English
 แสดงรายละเอียดบรรณานุกรม
  กลับหน้าหลัก

Brief Record : Get Marc (ISO 2709) : E-mail record : QR code < ปิดหน้าต่าง
LEADER : 00000nam 2200000uu 4500
001    13399124170
003     ULIB
008    150123s2555||||th 000 0 tha d
020    ^a9789740330530
060  4 ^aQS4^bพ273ก
100 0  ^aพรรณี หนูซื่อตรง
245 10 ^aกายวิภาคศาสตร์และสรีรวิทยาของระบบต่อมไร้ท่อ =^bAnatomy andphysiology of endocrine system /^cพรรณี หนูซื่อตรง, อรพิน เกิดประเสริฐ
246 31 ^aAnatomy and physiology of endocrine system
250    ^aพิมพ์ครั้งที่ 1
260    ^aกรุงเทพฯ :^bสำนักพิมพ์แห่งจุฬาลงกรณ์มหาวิทยาลัย,^c2555
300    ^a190 หน้า :^bภาพประกอบ +^eคอมแพกต์ดิสก์ 1 แผ่น
650  7 ^aต่อมไร้ท่อ^xกายวิภาค
650  7 ^aต่อมไร้ท่อ^xสรีรวิทยา
700 0  ^aอรพิน เกิดประเสริฐ
945    ^p200^l0^i038803
945    ^p200^l0^i038804
945    ^p200^l0^i038805
999    ^aเกษร โพธิ์สุวรรณ
รายการนี้ยังไม่มีแท็ก
คุณยังไม่ได้ล็อกอิน คุณสามารถมีกิจกรรมร่วมกับเว็บไซต์ได้ แต่ต้องล็อกอินก่อน ::
  ล็อกอิน

รายการสื่อสารสนเทศ

ลำดับที่ ประเภท เลขเรียก/บาร์โค้ด สถานที่ สถานะ
1. วิทยาศาสตร์การแพทย์ และสุขภาพ
หนังสือสำรอง
สถานะ=หนังสือสำรอง
QS4 พ273ก ฉ.1 
  Barcode: 038803
ห้องสมุดวิทยาเขตสวรรค์ประชารักษ์
►ส่วนจัดเก็บหนังสือเก่า สปร
บนชั้น
  ขอยืม
2. วิทยาศาสตร์การแพทย์ และสุขภาพ
วิทยาศาสตร์การแพทย์ และสุขภาพ
QS4 พ273ก ฉ.2 
  Barcode: 038804
ห้องสมุดวิทยาเขตสวรรค์ประชารักษ์
►ส่วนจัดเก็บหนังสือเก่า สปร
บนชั้น
  ขอยืม
3. วิทยาศาสตร์การแพทย์ และสุขภาพ
วิทยาศาสตร์การแพทย์ และสุขภาพ
QS4 พ273ก ฉ.3 
  Barcode: 038805
ห้องสมุดวิทยาเขตสวรรค์ประชารักษ์
►ส่วนจัดเก็บหนังสือเก่า สปร
บนชั้น
  ขอยืม

รายการใกล้เคียง
    ผู้แต่ง [พรรณี หนูซื่อตรง]

BibComment


ยังไม่เคยถูกคอมเมนท์

คอมเมนท์ทรัพยากรรายการนี้
  คอมเมนท์: กายวิภาคศาสตร์แล..


 Copyright 2026. Bcnsprnw @Library